[Event "Queima das Fitas Open"]
[Site "Coimbra POR"]
[Date "2017.05.01"]
[Round "6.6"]
[White "Guimaraes,R"]
[Black "Santos,Ricardo Alexandre Luis"]
[Result "0-1"]
[WhiteElo "2100"]
[BlackElo "1901"]

1.e4 d6 2.c4 Nf6 3.Nc3 e5 4.Nf3 Nc6 5.g3 g6 6.Bg2 Bg7 7.O-O O-O 8.Re1 Be6 9.b3
Nd7 10.d3 h6 11.Bb2 Nc5 12.a3 a5 13.Nd5 f5 14.Nh4 fxe4 15.Nxg6 Nxd3 16.Nxf8
Qxf8 17.Qd2 Bxd5 18.cxd5 Nxe1 19.dxc6 Nf3+ 20.Bxf3 Qxf3 21.cxb7 Rf8 22.Qd5+
Qf7 23.Qxf7+ Kxf7 24.Rc1 c5 25.b4 axb4 26.axb4 Rb8 27.bxc5 Rxb7 28.Ba3 d5
29.c6 Rc7 30.Bd6 Rc8 31.c7 Ke6 32.Rc6 Kd7 33.Rb6 d4 34.g4 Bf6 35.Kf1 d3 36.Ke1
Ra8 37.Kd2 Ra2+ 38.Ke3 Re2# 0-1

[Event "Queima das Fitas Open"]
[Site "Coimbra POR"]
[Date "2017.05.01"]
[Round "6.7"]
[White "Iglesias Leon,F"]
[Black "Moreira,B"]
[Result "1-0"]
[WhiteElo "2182"]
[BlackElo "1877"]

1.Nf3 d5 2.b3 c5 3.e3 Nc6 4.Bb5 f6 5.c4 d4 6.O-O Bg4 7.h3 Bh5 8.Re1 e5 9.exd4
cxd4 10.Nxe5 fxe5 11.Qxh5+ Kd7 12.Qxe5 Nf6 13.Bxc6+ Kxc6 14.d3 Bd6 15.Qb5+ Kc7
16.c5 {#r} 1-0

[Event "Queima das Fitas Open"]
[Site "Coimbra POR"]
[Date "2017.05.01"]
[Round "6.9"]
[White "Pereira,Ant2"]
[Black "Marin Aso,Jose Luis"]
[Result "1-0"]
[WhiteElo "2137"]
[BlackElo "1902"]

1.Nf3 Nf6 2.c4 g6 3.g3 Bg7 4.Bg2 O-O 5.O-O d6 6.d4 Nbd7 7.Qc2 c6 8.Nc3 e5
9.Rd1 Qc7 10.b3 exd4 11.Nxd4 Nc5 12.Bb2 Re8 13.Rd2 a5 14.Rad1 Bd7 15.e4 Rad8
16.h3 Bc8 17.Qb1 Qe7 18.Re2 Nh5 19.Kh2 Qf8 20.Qc2 Nf6 21.Qd2 Bh6 22.f4 Nh5
23.Na4 f5 24.exf5 Bxf5 25.Rde1 Nd3 26.Nxf5 Nxe1 27.Nxh6+ Qxh6 28.Rxe1 Rxe1
29.Qxe1 Kf7 30.Qxa5 Nxf4 31.Qxd8 {#r} 1-0

[Event "Queima das Fitas Open"]
[Site "Coimbra POR"]
[Date "2017.05.01"]
[Round "6.11"]
[White "Silva,Mariana Sofia T."]
[Black "Furtado,D"]
[Result "1-0"]
[WhiteElo "1925"]
[BlackElo "1778"]

1.e4 c5 2.Nf3 d6 3.d4 cxd4 4.Nxd4 Nf6 5.Nc3 a6 6.Be2 Nc6 7.O-O Qc7 8.Be3 g6
9.Bg5 Bg7 10.Bxf6 exf6 11.Nd5 Qd8 12.c3 O-O 13.Bg4 Re8 14.Bxc8 Rxc8 15.Re1 Ne7
16.Nb3 Nxd5 17.Qxd5 Qe7 18.Rad1 f5 19.f3 fxe4 20.Rxe4 Be5 21.f4 Rcd8 22.Rde1
{#r} 1-0

[Event "Queima das Fitas Open"]
[Site "Coimbra POR"]
[Date "2017.05.01"]
[Round "6.13"]
[White "Felizes,P"]
[Black "Marques,Ricardo Taborda Trigo"]
[Result "1-0"]
[WhiteElo "1979"]
[BlackElo "1686"]

1.d4 e6 2.Nf3 Nf6 3.Bg5 d5 4.Nbd2 Be7 5.Bxf6 gxf6 6.e4 dxe4 7.Nxe4 b6 8.Qd2
Bb7 9.Bd3 Rg8 10.Qh6 Rxg2 11.Qxh7 Na6 12.Nh4 Rg4 13.h3 Rf4 14.Ng2 Rf5 15.Ne3
Rf4 16.Rg1 Qxd4 17.Rg8+ Kd7 18.O-O-O Qa4 19.Bb5# 1-0

[Event "Queima das Fitas Open"]
[Site "Coimbra POR"]
[Date "2017.05.01"]
[Round "6.14"]
[White "Dias,Ricardo Pedro Cruz"]
[Black "Belo,A"]
[Result "1-0"]
[WhiteElo "2142"]
[BlackElo "1764"]

1.e4 c6 2.d4 d5 3.Nd2 dxe4 4.Nxe4 Nf6 5.Nxf6+ exf6 6.c3 Bd6 7.Bd3 O-O 8.Qc2 f5
9.Bxf5 Bxf5 10.Qxf5 Re8+ 11.Be3 Qb6 12.O-O-O Qa6 13.Kb1 b5 14.Nf3 b4 15.Ng5
Qb7 16.Qxh7+ Kf8 17.Qh8+ Ke7 18.Qxg7 Nd7 19.Nxf7 bxc3 20.Bg5+ Ke6 21.Qg6+ Kd5
22.Qxd6+ Kc4 23.b3+ {#r} 1-0

[Event "Queima das Fitas Open"]
[Site "Coimbra POR"]
[Date "2017.05.01"]
[Round "6.16"]
[White "Cadillon,J"]
[Black "Dionizio,Andre Filipe Nasciment"]
[Result "0-1"]
[WhiteElo "1744"]
[BlackElo "1914"]

1.e4 c6 2.d4 d5 3.exd5 cxd5 4.Bd3 Nf6 5.Ne2 Bg4 6.h3 Bh5 7.Bf4 Nc6 8.c3 e6
9.O-O Bd6 10.Bxd6 Qxd6 11.Qc2 Bg6 12.Re1 O-O 13.Bxg6 hxg6 14.Nd2 Rac8 15.Nf3
Ne4 16.a3 b5 17.Qd3 Rb8 18.Nd2 Nxd2 19.Qxd2 Na5 20.Qc2 Rfc8 21.Nc1 Nc4 22.Nd3
a5 23.Qe2 Qd8 24.Ne5 b4 25.axb4 axb4 26.Nxf7 Kxf7 27.Qxe6+ Kf8 28.Ra7 Qf6
29.Qxd5 Re8 30.Rxe8+ Rxe8 31.Qxc4 Re1+ 32.Qf1 Rxf1+ 33.Kxf1 bxc3 34.bxc3 Qb6
{#R} 0-1

[Event "Queima das Fitas Open"]
[Site "Coimbra POR"]
[Date "2017.05.01"]
[Round "6.17"]
[White "Dias,Jose Oliveira Gaspar"]
[Black "Soares,Joao Diogo Pedreiro"]
[Result "0-1"]
[WhiteElo "1664"]
[BlackElo "1858"]

1.e4 c6 2.d3 d5 3.Nd2 e5 4.g3 Nf6 5.Bg2 Bc5 6.Ngf3 Qc7 7.O-O O-O 8.h3 h6 9.Re1
Re8 10.a4 a5 11.c3 Nbd7 12.d4 exd4 13.cxd4 dxe4 14.dxc5 exf3 15.Rxe8+ Nxe8
16.Qxf3 Nxc5 17.Qe3 Ne6 18.b3 f5 19.Bb2 f4 20.Qf3 fxg3 21.fxg3 Ng5 22.Qh5 Bxh3
23.Bxh3 Qxg3+ 24.Bg2 Qe3+ 25.Kh2 Qxd2 26.Be5 Qe3 27.Bg3 Nf6 28.Qh4 Qxb3 29.Rf1
Re8 30.Rxf6 gxf6 31.Qxh6 Qf7 32.Bf4 Qh7 33.Bxg5 fxg5 34.Qxh7+ Kxh7 {#R} 0-1

[Event "Queima das Fitas Open"]
[Site "Coimbra POR"]
[Date "2017.05.01"]
[Round "6.18"]
[White "Fernandes,Joao Pedro Murtinho"]
[Black "Oliveira,Joao Andre Cristovao D"]
[Result "1-0"]
[WhiteElo "1834"]
[BlackElo "1554"]

1.e4 g6 2.d4 Bg7 3.Nc3 d6 4.Be3 Nf6 5.f3 O-O 6.Qd2 a6 7.O-O-O b5 8.h4 Nh5
9.Nce2 Nf6 10.h5 Nxh5 11.g4 Bxg4 12.fxg4 Nf6 13.Bh6 Nxg4 14.Bxg7 Kxg7 15.Qg5
Qc8 16.Rh4 Nf6 17.Qh6+ Kg8 18.e5 Nh5 19.Nf4 {#r} 1-0

[Event "ch-CAT 2017"]
[Site "Vilanova i la Geltru ESP"]
[Date "2017.05.01"]
[Round "2.1"]
[White "Fluvia Poyatos,Jor"]
[Black "Narciso Dublan,M"]
[Result "0-1"]
[WhiteElo "2443"]
[BlackElo "2508"]

1.e4 d6 2.d4 Nf6 3.Bd3 e5 4.c3 d5 5.dxe5 Nxe4 6.Nd2 Nc5 7.Bb1 Qg5 8.Ngf3 Qxg2
9.Rg1 Qh3 10.Rg3 Qd7 11.Nd4 g6 12.b4 Ne6 13.N2f3 Nc6 14.Nxe6 fxe6 15.b5 Ne7
16.Bg5 Bg7 17.Qd4 O-O 18.Bf6 Nf5 19.Bxf5 exf5 20.Ng5 f4 21.Qxf4 Qf5 22.Qh4 h6
23.Nh3 Qc2 24.Nf4 Qe4+ 25.Kf1 g5 26.Re1 Qc4+ 27.Kg1 Rf7 28.Rxg5 hxg5 29.Qxg5
Bd7 30.Re3 Bxb5 31.Re1 Qxc3 32.Rb1 Bd3 33.Rd1 Be4 34.Nxd5 {#R} 0-1

[Event "1st Ruse Cup 2017"]
[Site "Ruse BUL"]
[Date "2017.05.01"]
[Round "6.4"]
[White "Botev,Stanislav"]
[Black "Dyakov,Martin"]
[Result "0-1"]
[WhiteElo "1424"]
[BlackElo "2017"]
[EventType "swiss"]

1.d4 Nf6 2.c4 e6 3.Nf3 Bb4+ 4.Bd2 Qe7 5.a3 Bxd2+ 6.Nbxd2 d6 7.e3 O-O 8.Be2 b6
9.O-O Bb7 10.Qc2 Nbd7 11.Rac1 c5 12.Rfe1 Rac8 13.b3 Rfd8 14.e4 cxd4 15.Nxd4 a6
16.Bf3 b5 17.Qb1 bxc4 18.Nxc4 Ne5 19.Na5 Nxf3+ 20.gxf3 Nxe4 21.f4 Qf6 22.Rxc8
Rxc8 23.Ne2 Nd2 24.Qd3 Nf3+ 25.Kf1 Nxh2+ 26.Kg1 Nf3+ 27.Kf1 Nxe1 28.Kxe1 Qa1+
29.Kd2 Qxa3 30.Nc4 Qb4+ 31.Ke3 Bd5 32.Kd4 Qc5+ 33.Kc3 Bxc4 34.bxc4 d5 35.Qd4
Qxd4+ 36.Nxd4 Rxc4+ 37.Kd3 Rxd4+ 38.Kxd4 h5 {#R} 0-1

[Event "1st Ruse Cup 2017"]
[Site "Ruse BUL"]
[Date "2017.05.01"]
[Round "6.5"]
[White "Todorov,Kaloyan"]
[Black "Naydenov,Nayden"]
[Result "1-0"]
[WhiteElo "1972"]
[BlackElo "1989"]
[EventType "swiss"]

1.e4 Nc6 2.Nf3 e5 3.Bc4 Nf6 4.d3 Be7 5.O-O O-O 6.Re1 d6 7.c3 Na5 8.Bb5 Bd7
9.Ba4 Bxa4 10.Qxa4 c5 11.Bg5 a6 12.Na3 b5 13.Qc2 Nh5 14.Bd2 f5 15.exf5 Rxf5
16.d4 g6 17.dxc5 dxc5 18.Rxe5 Rxf3 19.gxf3 Bd6 20.Re4 Qf6 21.Qd3 Rd8 22.Qe2
Nc6 23.Re8+ Kf7 24.Rxd8 Nxd8 25.Qe4 Ne6 26.Rd1 Nhf4 27.Bxf4 Nxf4 28.Kf1 c4
29.Nc2 Nd3 30.Qd5+ Kg7 31.Nd4 Qh4 32.Ne6+ Kh6 33.Rxd3 cxd3 34.Qxd6 d2 35.Qxd2+
{#r} 1-0

[Event "1st Ruse Cup 2017"]
[Site "Ruse BUL"]
[Date "2017.05.01"]
[Round "6.9"]
[White "Savov,Ilko Ananiev"]
[Black "Mitev,Mitko"]
[Result "1-0"]
[WhiteElo "1867"]
[BlackElo "1792"]
[EventType "swiss"]

1.g4 e5 2.Bg2 d5 3.c4 c6 4.cxd5 cxd5 5.Qb3 d4 6.Qb5+ Nc6 7.Bxc6+ bxc6 8.Qxe5+
Be7 9.Nf3 c5 10.g5 Bb7 11.Qxg7 Qd5 12.Qxh8 O-O-O 13.Qxh7 Bxg5 14.Rg1 Qc4
15.Na3 {#r} 1-0

[Event "TCh-RUS Women 2017"]
[Site "Sochi RUS"]
[Date "2017.05.01"]
[Round "1.1"]
[White "Shuvalova,Polina"]
[Black "Shafigullina,Zarina"]
[Result "1-0"]
[WhiteElo "2385"]
[BlackElo "2028"]

1.e4 c5 2.Nf3 a6 3.c3 d5 4.exd5 Qxd5 5.d4 Bg4 6.Be2 e6 7.h3 Bh5 8.O-O Nf6
9.Be3 Nbd7 10.g4 Bg6 11.Nh4 Be4 12.g5 Ng8 13.Nd2 h6 14.g6 fxg6 15.Bc4 Qc6
16.Nxe4 Qxe4 17.Qg4 Qxg4+ 18.hxg4 Kf7 19.f4 Be7 20.f5 gxf5 21.gxf5 Bxh4
22.fxe6+ Ke8 23.exd7+ Kxd7 24.dxc5 Nf6 25.Rad1+ Ke8 26.Bf4 Ne4 27.Rd5 Ng5
28.Bd6 Nf7 29.Bh2 Rf8 30.Rd4 Be7 31.Re4 Rd8 32.Rfe1 Rd7 33.Bd6 Ng5 34.Rxe7+
{#r} 1-0

[Event "TCh-RUS Women 2017"]
[Site "Sochi RUS"]
[Date "2017.05.01"]
[Round "1.2"]
[White "Ushenina,A"]
[Black "Gritsayeva,O"]
[Result "1-0"]
[WhiteElo "2449"]
[BlackElo "2396"]

1.d4 Nf6 2.c4 e6 3.Nc3 Bb4 4.e3 d5 5.Nf3 O-O 6.Bd3 c5 7.cxd5 exd5 8.dxc5 Nc6
9.h3 Bxc5 10.O-O a6 11.b3 Be6 12.Bb2 Qe7 13.Rc1 Rac8 14.Ne2 Ne4 15.Nf4 Rfd8
16.Bb1 Ba7 17.Qe2 f6 18.Nxe6 Qxe6 19.Rfe1 f5 20.Rcd1 h6 21.a3 Bb8 22.b4 Kh7
23.Rc1 Ne5 24.Nd4 Qf7 25.Rxc8 Rxc8 26.f3 Ng3 27.Qf2 Nc4 28.Bc1 g6 29.Ne2 Nxe2+
30.Qxe2 Qc7 31.f4 Ba7 32.Qf3 Re8 33.Kh2 Qc6 34.g4 fxg4 35.hxg4 Qf6 36.g5 hxg5
37.Qxd5 Nxe3 38.Qd7+ Qe7 39.Qh3+ Kg7 40.Bb2+ Kf7 41.Ba2+ {#r} 1-0

[Event "TCh-RUS Women 2017"]
[Site "Sochi RUS"]
[Date "2017.05.01"]
[Round "1.4"]
[White "Ovod,E"]
[Black "Pogorelskikh,Sofia"]
[Result "0-1"]
[WhiteElo "2380"]
[BlackElo "1964"]

1.d4 Nf6 2.Bg5 d5 3.e3 c5 4.Bxf6 gxf6 5.dxc5 Nc6 6.c3 e5 7.b4 a5 8.Bb5 Be7
9.Ne2 O-O 10.O-O axb4 11.Bxc6 b3 12.Nd2 b2 13.Rb1 bxc6 14.Rxb2 Bxc5 15.Nb3 Be7
16.Ng3 c5 17.Rd2 Be6 18.e4 d4 19.cxd4 cxd4 20.f4 Kh8 21.Nc1 Ra5 22.Nd3 Qa8
23.Rdf2 Rg8 24.Kh1 Bxa2 25.fxe5 fxe5 26.Rxa2 Rxa2 27.Nxe5 f6 28.Nf7+ Kg7
29.Nf5+ Kf8 30.Ne5 Rgxg2 31.Nd7+ Ke8 32.Nxf6+ Bxf6 33.Qh5+ Kd8 34.Ng3 Rxh2+
35.Qxh2 Rxh2+ 36.Kxh2 Qa2+ 37.Kh3 Qe6+ 38.Kg2 Bh4 39.Rf8+ Ke7 40.Ra8 Bxg3
41.Ra7+ Kf6 {#R} 0-1

[Event "TCh-RUS Women 2017"]
[Site "Sochi RUS"]
[Date "2017.05.01"]
[Round "1.4"]
[White "Makarova,Darya"]
[Black "Belenkaya,D"]
[Result "0-1"]
[WhiteElo "1827"]
[BlackElo "2290"]

1.d4 d5 2.c4 dxc4 3.e3 Nf6 4.Bxc4 e6 5.Nf3 a6 6.O-O c5 7.dxc5 Bxc5 8.Qxd8+
Kxd8 9.Rd1+ Ke7 10.a3 Bd7 11.b4 Bd6 12.Bb2 Rc8 13.Nbd2 Ba4 14.Rdc1 Nbd7 15.Bd3
g6 16.Nc4 Bc7 17.g3 Nd5 18.e4 N5f6 19.e5 Nd5 20.Ng5 Bb5 21.f4 Bb6+ 22.Nxb6
N7xb6 23.Bxb5 axb5 24.Nxh7 Rxc1+ 25.Rxc1 Nc4 26.Bd4 b6 27.Nf6 Rxa3 28.Nxd5+
exd5 29.Ra1 Rd3 30.Bf2 d4 31.Ra7+ Ke6 32.Rc7 Rd1+ 33.Kg2 d3 34.Bxb6 d2 35.Rc6+
Kd5 36.Rc8 Nxb6 37.Rd8+ Ke4 38.Kf2 Nc4 39.Ke2 Re1+ {#R} 0-1

[Event "TCh-RUS Major League 2017"]
[Site "Sochi RUS"]
[Date "2017.05.01"]
[Round "1.1"]
[White "Yuffa,D"]
[Black "Alexeev,Alexe"]
[Result "1-0"]
[WhiteElo "2510"]
[BlackElo "2301"]

1.c4 e5 2.Nc3 Nf6 3.g3 Bb4 4.Bg2 O-O 5.e4 Bxc3 6.bxc3 Re8 7.Ne2 c6 8.O-O d5
9.cxd5 cxd5 10.exd5 Nxd5 11.Rb1 Nc6 12.h3 e4 13.Ba3 Nb6 14.Bc5 Qd5 15.Bxb6
axb6 16.Nf4 Qxa2 17.Re1 Qa4 18.Qc1 Bf5 19.Rxb6 Ne5 20.g4 Bd7 21.Rb4 Qa5
22.Rbxe4 f5 23.gxf5 Bxf5 24.R4e3 Kf8 25.d4 Nc6 26.d5 Ne7 27.Re5 Qc5 28.Qb1
Bxb1 29.Ne6+ Kf7 30.Nxc5 b6 31.Nb7 Nf5 32.Rxe8 Rxe8 33.Rxb1 {#r} 1-0

[Event "TCh-RUS Major League 2017"]
[Site "Sochi RUS"]
[Date "2017.05.01"]
[Round "1.2"]
[White "Trjapishko,A"]
[Black "Ponomarenko,A"]
[Result "1-0"]
[WhiteElo "2490"]
[BlackElo "2240"]

1.e4 e5 2.f4 d6 3.Nf3 Bg4 4.Bc4 Nf6 5.fxe5 Nfd7 6.exd6 Bxd6 7.d4 O-O 8.O-O c5
9.c3 Nc6 10.Be3 Qb6 11.Qd2 Bh5 12.e5 Be7 13.e6 Na5 14.exf7+ Bxf7 15.Bxf7+ Rxf7
16.Na3 cxd4 17.Bxd4 Qg6 18.Qc2 Qg4 19.h3 Qg3 20.Bf2 Qf4 21.Nb5 Ne5 22.Bd4
Nxf3+ 23.Rxf3 Qh6 24.Rxf7 Kxf7 25.Nc7 Rf8 26.Qf5+ Kg8 27.Qxa5 Bd6 28.Qd5+ Kh8
29.Ne6 {#r} 1-0

[Event "TCh-RUS Major League 2017"]
[Site "Sochi RUS"]
[Date "2017.05.01"]
[Round "1.2"]
[White "Kurbedinov,R"]
[Black "Tereshechkina,M"]
[Result "1-0"]
[WhiteElo "2318"]
[BlackElo "2056"]

1.d4 Nf6 2.Nf3 e6 3.e3 b6 4.Bd3 Bb7 5.O-O c5 6.c4 Be7 7.Nc3 O-O 8.d5 exd5
9.cxd5 Nxd5 10.Nxd5 Bxd5 11.Bxh7+ Kxh7 12.Qxd5 Nc6 13.e4 Nb4 14.Qh5+ Kg8
15.Bg5 g6 16.Qh6 Re8 17.e5 Nc2 18.Bxe7 Qxe7 19.Rad1 Nd4 20.Ng5 f6 21.Ne4 Qxe5
22.Qxg6+ Kh8 23.Rxd4 {#r} 1-0

[Event "TCh-RUS Major League 2017"]
[Site "Sochi RUS"]
[Date "2017.05.01"]
[Round "1.2"]
[White "Dulenko,M"]
[Black "Derjabin,I"]
[Result "0-1"]
[WhiteElo "2144"]
[BlackElo "2341"]

1.e4 c5 2.Nf3 d6 3.c3 Nf6 4.h3 g6 5.Bd3 Bg7 6.O-O O-O 7.Re1 Nc6 8.Bf1 e5 9.d4
cxd4 10.cxd4 exd4 11.Nxd4 Nxd4 12.Qxd4 Re8 13.Bg5 h6 14.Bxf6 Bxf6 15.Qd2 d5
16.Nc3 dxe4 17.Qxd8 Rxd8 18.Rxe4 Be6 19.Bc4 Bf5 20.Re3 Rac8 21.Bb3 Bg5 22.Re2
Bd3 23.Ree1 Bc4 24.Bxc4 Rxc4 25.Re2 Bf6 26.Ne4 Bg7 27.Rae1 b5 28.b3 Rc6 29.Kf1
a5 30.Ng3 a4 31.bxa4 bxa4 {#R} 0-1

[Event "World Senior Teams +50"]
[Site "Hersonissos GRE"]
[Date "2017.05.01"]
[Round "8.1"]
[White "Ivanov,Sergey1"]
[Black "Dunn,An1"]
[Result "1-0"]
[WhiteElo "2530"]
[BlackElo "2190"]

1.d4 d5 2.c4 e6 3.Nc3 Nf6 4.Bg5 Be7 5.Nf3 h6 6.Bh4 O-O 7.e3 Ne4 8.Bxe7 Qxe7
9.Rc1 c6 10.Qc2 Nxc3 11.Qxc3 Nd7 12.Be2 dxc4 13.Qxc4 e5 14.O-O e4 15.Nd2 Nf6
16.Qc5 Re8 17.a3 Bg4 18.Bxg4 Nxg4 19.Qxe7 Rxe7 20.Rc5 Rd8 21.b4 Nf6 22.h3 Nd5
23.Rb1 a6 24.a4 Nc7 25.g4 g6 26.Kg2 Kg7 27.Kg3 Rd5 28.h4 f5 29.Nc4 f4+ 30.Kg2
g5 31.Nb6 Rxc5 32.bxc5 Nd5 33.Nxd5 cxd5 34.h5 fxe3 35.fxe3 Rf7 36.Rb6 Rd7
37.Rg6+ {#r} 1-0

[Event "World Senior Teams +50"]
[Site "Hersonissos GRE"]
[Date "2017.05.01"]
[Round "8.1"]
[White "Burnett,J"]
[Black "Ionov,S"]
[Result "0-1"]
[WhiteElo "2075"]
[BlackElo "2535"]

1.d4 Nf6 2.c4 e6 3.Nf3 b6 4.a3 Bb7 5.Nc3 g6 6.d5 Bg7 7.g3 exd5 8.cxd5 O-O
9.Bg2 c6 10.dxc6 dxc6 11.O-O c5 12.Qc2 Na6 13.Bf4 Qe7 14.Rad1 Rfd8 15.Rxd8+
Rxd8 16.Rd1 Rxd1+ 17.Qxd1 Ne4 18.Nxe4 Bxe4 19.Bg5 Qe8 20.b3 Nc7 21.Ne1 Bxg2
22.Kxg2 Nb5 23.Nc2 Nc3 24.Qd8 Qxd8 25.Bxd8 Nxe2 26.Bc7 b5 27.Bd6 Nd4 28.Nxd4
Bxd4 29.Bb8 c4 30.bxc4 bxc4 31.Kf3 f5 32.Ke2 Kf7 33.Kd2 Ke6 34.f3 a6 35.Bf4 h5
36.Kc2 Bf6 {#R} 0-1

[Event "World Senior Teams +50"]
[Site "Hersonissos GRE"]
[Date "2017.05.01"]
[Round "8.1"]
[White "Solozhenkin,E"]
[Black "Fegan,C"]
[Result "1-0"]
[WhiteElo "2443"]
[BlackElo "2052"]

1.e4 e5 2.Nf3 Nc6 3.Bb5 a6 4.Ba4 Nf6 5.O-O Be7 6.Re1 b5 7.Bb3 O-O 8.d4 Nxd4
9.Nxd4 exd4 10.e5 Ne8 11.c3 d6 12.Qf3 Rb8 13.cxd4 c5 14.dxc5 dxe5 15.Be3 Nf6
16.Nc3 Qc7 17.Nd5 e4 18.Qxf6 {#r} 1-0

[Event "World Senior Teams +50"]
[Site "Hersonissos GRE"]
[Date "2017.05.01"]
[Round "8.2"]
[White "Burchardt,B"]
[Black "Vaganian,R"]
[Result "0-1"]
[WhiteElo "2182"]
[BlackElo "2560"]

1.e4 e6 2.d4 d5 3.Nd2 Nc6 4.Ngf3 Nf6 5.e5 Nd7 6.c3 f6 7.exf6 Qxf6 8.Bd3 e5
9.O-O Bd6 10.dxe5 Ndxe5 11.Nxe5 Nxe5 12.Bc2 O-O 13.Nb3 c6 14.f4 Nc4 15.g3 Bd7
16.Nd4 Bc5 17.Qd3 g6 18.b3 Bf5 19.Qe2 Bxd4+ 20.cxd4 Rfe8 21.Qf2 Bxc2 22.bxc4
Bd3 23.Re1 Rxe1+ 24.Qxe1 Qxd4+ 25.Be3 Qxc4 26.Bxa7 Be4 27.Qf2 Qd3 28.Bc5 Ra4
29.f5 Bxf5 30.Qb2 Qc2 31.Qb6 Ra8 32.Bd4 Be4 33.Bf2 Qc3 34.Re1 Qf3 35.Rxe4 dxe4
36.Qxb7 Rf8 37.Qb3+ Qxb3 38.axb3 Rb8 {#R} 0-1

[Event "World Senior Teams +50"]
[Site "Hersonissos GRE"]
[Date "2017.05.01"]
[Round "8.2"]
[White "Kalantarian,No"]
[Black "Heyme,S"]
[Result "1-0"]
[WhiteElo "2383"]
[BlackElo "2013"]

1.d4 Nf6 2.Bg5 d6 3.Bxf6 exf6 4.e3 g6 5.g3 Bg7 6.Bg2 O-O 7.Ne2 Re8 8.O-O c6
9.c4 Nd7 10.Nbc3 Nf8 11.b4 f5 12.Rb1 g5 13.b5 Qc7 14.Qd3 Ng6 15.f4 h6 16.fxg5
hxg5 17.Rf2 Be6 18.bxc6 bxc6 19.Rbf1 Rac8 20.e4 fxe4 21.Nxe4 Qe7 22.Nf6+ Bxf6
23.Rxf6 Nf4 24.Nxf4 Qxf6 25.Nh5 Qh6 26.Nf6+ Kf8 27.Nxe8 Kxe8 28.d5 cxd5
29.cxd5 Bh3 30.Qe3+ Kf8 31.Qxa7 f5 32.Bxh3 Qxh3 33.Qd7 Rc2 34.Rxf5+ {#r} 1-0

[Event "World Senior Teams +50"]
[Site "Hersonissos GRE"]
[Date "2017.05.01"]
[Round "8.4"]
[White "Rantanen,Y"]
[Black "Huzman,A"]
[Result "0-1"]
[WhiteElo "2292"]
[BlackElo "2550"]

1.e4 e6 2.d4 d5 3.e5 c5 4.c3 Nc6 5.Nf3 Bd7 6.a3 c4 7.h4 Na5 8.Nbd2 Bc6 9.Qe2
Ba4 10.g3 Ne7 11.h5 h6 12.Rh4 Qd7 13.Rf4 g5 14.Rg4 O-O-O 15.Nh2 Nf5 16.f4 Be7
17.Ndf3 Nb3 18.Rb1 Nxc1 19.Rxc1 Rdg8 20.Kf2 Qd8 21.Bh3 Ng7 22.Qd2 Nxh5 23.fxg5
hxg5 24.Kg2 Kb8 25.Rf1 Rg7 26.Qe2 Qg8 27.Ng1 Ka8 {#R} 0-1

[Event "World Senior Teams +50"]
[Site "Hersonissos GRE"]
[Date "2017.05.01"]
[Round "8.4"]
[White "Greenfeld,A"]
[Black "Viljava,T"]
[Result "1-0"]
[WhiteElo "2550"]
[BlackElo "2187"]

1.d4 Nf6 2.Nf3 e6 3.c4 b6 4.a3 Ba6 5.Qc2 Bb7 6.Nc3 c5 7.e4 cxd4 8.Nxd4 Bc5
9.Nf3 Ng4 10.Bg5 f6 11.Bh4 Nc6 12.Be2 Rc8 13.Rd1 a5 14.O-O Nge5 15.Nb5 Qe7
16.Qd2 Nxf3+ 17.Bxf3 Ba6 18.Bh5+ Kd8 19.Rfe1 Ne5 20.Be2 Bb7 21.Kh1 g5 22.Bg3
h5 23.Qc3 Nf7 24.h4 e5 25.Rd2 Ba6 26.Qb3 Bxb5 27.cxb5 Bd4 28.Bc4 Nd6 29.Bd5
Rc5 30.a4 g4 31.Qa2 Ne8 32.b4 axb4 33.a5 Rxb5 34.axb6 Rxb6 35.Qa8+ Kc7 36.Rxd4
{#r} 1-0

[Event "World Senior Teams +50"]
[Site "Hersonissos GRE"]
[Date "2017.05.01"]
[Round "8.4"]
[White "Kivimaki,Ja"]
[Black "Soffer,R"]
[Result "0-1"]
[WhiteElo "2135"]
[BlackElo "2508"]

1.Nf3 c5 2.e3 Nf6 3.d4 g6 4.c3 b6 5.b4 Bg7 6.a4 O-O 7.Be2 d6 8.a5 cxb4 9.cxb4
bxa5 10.Rxa5 Qb6 11.Bd2 Ne4 12.O-O Bd7 13.b5 Rc8 14.Qa4 Be8 15.Rc1 Rxc1+
16.Bxc1 Nd7 17.Bb2 Qc7 18.Nbd2 Nb6 19.Qb3 Nxd2 20.Nxd2 Rc8 21.Nf1 Qb7 22.Bf3
Qb8 23.Ra1 Nc4 24.Bc3 Bxb5 25.Nd2 Nxd2 26.Bxd2 a6 27.Rb1 Qc7 28.g3 e6 29.Qa3
Bf8 30.Rc1 Qd7 31.Rxc8 Qxc8 32.d5 Qc4 33.Qc1 exd5 {#R} 0-1

[Event "World Senior Teams +50"]
[Site "Hersonissos GRE"]
[Date "2017.05.01"]
[Round "8.5"]
[White "Cordes,HJ"]
[Black "Mannion,Stephen R"]
[Result "1-0"]
[WhiteElo "2231"]
[BlackElo "2335"]

1.d4 d5 2.c4 dxc4 3.Nf3 Nf6 4.Nc3 a6 5.e4 b5 6.e5 Nd5 7.a4 e6 8.axb5 Bb4 9.Qd2
Nb6 10.Be2 Bb7 11.bxa6 Rxa6 12.Rxa6 Nxa6 13.O-O O-O 14.Qf4 Be7 15.Qg4 Kh8
16.Rd1 Nb4 17.Ne4 N4d5 18.Nfg5 h6 19.Qh5 Qe8 20.Qh3 Kg8 21.Nf3 f5 22.exf6 Bxf6
23.Nxf6+ Rxf6 24.Ne5 Nf4 25.Bxf4 Rxf4 26.Bh5 Qc8 27.Qg3 Nd5 28.Nxc4 Qf8 29.Ne5
Qd6 30.Bf3 Rf8 31.Ng6 Rf7 32.Re1 Qb6 33.Qe5 Qxb2 34.Qxe6 Qc3 35.Rd1 Qc2 36.Ne5
Qf5 37.Qxf7+ Qxf7 38.Nxf7 Kxf7 39.Rb1 Bc6 40.Rc1 {#r} 1-0

[Event "World Senior Teams +50"]
[Site "Hersonissos GRE"]
[Date "2017.05.01"]
[Round "8.5"]
[White "Robertson,I"]
[Black "Jakel,W"]
[Result "0-1"]
[WhiteElo "2053"]
[BlackElo "2218"]

1.e4 e5 2.Bc4 Nf6 3.d3 Bc5 4.Nf3 d6 5.O-O Bg4 6.Nbd2 O-O 7.h3 Bh5 8.c3 Bb6
9.Bb3 c6 10.Nc4 Bc7 11.Bg5 Nbd7 12.g4 Bg6 13.Nh4 Kh8 14.Qf3 h6 15.Bxf6 Nxf6
16.Ne3 Nh7 17.Qg3 d5 18.Rad1 d4 19.Nef5 dxc3 20.bxc3 Ng5 21.Nf3 Bh7 22.Kg2
Nxf3 23.Qxf3 a5 24.a4 Ra6 25.Bc4 Rb6 26.Rb1 Qd7 27.Qe3 Rxb1 28.Rxb1 b6 29.Ng3
Rb8 30.Nf1 Bd8 31.Qf3 Bf6 32.Ng3 Kg8 33.Ne2 Kf8 34.Qe3 Qc7 35.Qg3 Rb7 36.Qf3
Qd7 37.Qe3 Bg5 38.Qg3 Qe7 39.f4 exf4 40.Nxf4 Bxe4+ {#R} 0-1

[Event "World Senior Teams +50"]
[Site "Hersonissos GRE"]
[Date "2017.05.01"]
[Round "8.6"]
[White "Papadimitriou,L"]
[Black "Wallner,J"]
[Result "0-1"]
[WhiteElo "2003"]
[BlackElo "2313"]

1.d4 d5 2.c4 c6 3.Nf3 Nf6 4.Nc3 a6 5.c5 Bf5 6.Nh4 Bg6 7.Nxg6 hxg6 8.Bf4 Nbd7
9.e3 Nh5 10.Bg5 Qc7 11.g4 Nhf6 12.Bf4 e5 13.Bg3 g5 14.Bg2 Be7 15.b4 O-O 16.h3
Rfe8 17.O-O Bd8 18.a4 Qc8 19.b5 Bc7 20.bxc6 bxc6 21.Qc2 exd4 22.exd4 Nf8
23.Rae1 Ne6 24.Be5 Bxe5 25.dxe5 Nd7 26.Ne2 Qc7 27.f4 gxf4 28.Nxf4 Nxf4 29.Rxf4
Rxe5 30.Ref1 f6 31.Rb1 Rae8 32.Bf1 Re3 33.Rf2 a5 34.Rc1 Qg3+ 35.Bg2 Re1+
36.Rf1 R1e2 {#R} 0-1

[Event "World Senior Teams +65"]
[Site "Hersonissos GRE"]
[Date "2017.05.01"]
[Round "8.1"]
[White "Vasiukov,E"]
[Black "Nordstrom,F"]
[Result "1-0"]
[WhiteElo "2396"]
[BlackElo "2139"]

1.e4 c5 2.Nf3 d6 3.d4 cxd4 4.Qxd4 a6 5.c4 Nc6 6.Qd2 g6 7.b3 Bh6 8.Qc3 Qa5
9.Qxa5 Nxa5 10.Bb2 Nf6 11.Nc3 e5 12.Rd1 Bf8 13.Ba3 Bg4 14.Bxd6 Bxd6 15.Rxd6
Bxf3 16.Rxf6 Bg4 17.Rd6 O-O 18.Be2 Be6 19.O-O Rfd8 20.Rfd1 Rxd6 21.Rxd6 Kf8
22.g3 Nc6 23.f4 Rd8 24.Rxd8+ Nxd8 25.Kf2 Ke7 26.fxe5 Nc6 27.Nd5+ Kd8 28.Ke3
Nxe5 29.Kd4 Nd7 30.b4 g5 31.e5 h6 32.a3 Bh3 33.Bh5 Be6 34.Bf3 Bh3 35.Nf6 Nxf6
36.exf6 {#r} 1-0